000 00441nam a2200121Ia 4500
008 220621s9999||||xx |||||||||||||| ||und||
245 0 _aAccounting and Finance
_bNew Perspectives on Banking, Financial Statements and Reporting
546 _aEnglish[eng]
650 _aPublic finance
700 _aGharoie Ahangar, Reza||Öztürk, Can
856 _uhttps://mts.intechopen.com/storage/books/8644/authors_book/authors_book.pdf
942 _cEB
999 _c35979
_d35979